<?xml version="1.0" encoding="UTF-8"?><?xml-stylesheet type="text/xsl" href="static/style.xsl"?><OAI-PMH xmlns="http://www.openarchives.org/OAI/2.0/" xmlns:xsi="http://www.w3.org/2001/XMLSchema-instance" xsi:schemaLocation="http://www.openarchives.org/OAI/2.0/ http://www.openarchives.org/OAI/2.0/OAI-PMH.xsd"><responseDate>2026-06-30T04:09:56Z</responseDate><request verb="GetRecord" identifier="oai:riubu.ubu.es:10259/8214" metadataPrefix="marc">https://riubu.ubu.es/oai/request</request><GetRecord><record><header><identifier>oai:riubu.ubu.es:10259/8214</identifier><datestamp>2023-12-16T01:05:22Z</datestamp><setSpec>com_10259_7463</setSpec><setSpec>com_10259_5086</setSpec><setSpec>com_10259_2604</setSpec><setSpec>col_10259_7464</setSpec></header><metadata><record xmlns="http://www.loc.gov/MARC21/slim" xmlns:doc="http://www.lyncode.com/xoai" xmlns:xsi="http://www.w3.org/2001/XMLSchema-instance" xmlns:dcterms="http://purl.org/dc/terms/" xsi:schemaLocation="http://www.loc.gov/MARC21/slim http://www.loc.gov/standards/marcxml/schema/MARC21slim.xsd">
<leader>00925njm 22002777a 4500</leader>
<datafield tag="042" ind1=" " ind2=" ">
<subfield code="a">dc</subfield>
</datafield>
<datafield tag="720" ind1=" " ind2=" ">
<subfield code="a">Domínguez Renedo, Olga</subfield>
<subfield code="e">author</subfield>
</datafield>
<datafield tag="720" ind1=" " ind2=" ">
<subfield code="a">Navarro Cuñado, A. Marta</subfield>
<subfield code="e">author</subfield>
</datafield>
<datafield tag="720" ind1=" " ind2=" ">
<subfield code="a">Meléndez Álvarez, M. Elena</subfield>
<subfield code="e">author</subfield>
</datafield>
<datafield tag="720" ind1=" " ind2=" ">
<subfield code="a">Alonso Lomillo, Mª Asunción</subfield>
<subfield code="e">author</subfield>
</datafield>
<datafield tag="260" ind1=" " ind2=" ">
<subfield code="c">2023</subfield>
</datafield>
<datafield tag="520" ind1=" " ind2=" ">
<subfield code="a">The assurance of the quality of a wine, both from the point of view of tasting and food safety, and its compliance with current regulations have led to the development of electrochemical sensors for the analysis of several analytes during the last five years. On one hand, the content of glucose, alcohol, acetaldehyde, organic acids, phenolic compounds, sulphur dioxide, mercaptans, biogenic amines, food preservatives and some yeast can affect the stability and the organoleptic properties. On the other hand, some of them can cause harmful effects on the health of the consumer. So, early diagnosis is extremely important in wine samples. Enzymatic and non-enzymatic electrochemical sensors, which generally uses nanostructured materials or chemically modified electrodes to enhance both sensitivity and selectivity, have been reported with this aim. The ability of these types of sensors to be miniaturized and their ease of use make them ideal candidates for point-of-care devices.</subfield>
</datafield>
<datafield tag="024" ind2=" " ind1="8">
<subfield code="a">0165-9936</subfield>
</datafield>
<datafield tag="024" ind2=" " ind1="8">
<subfield code="a">http://hdl.handle.net/10259/8214</subfield>
</datafield>
<datafield tag="024" ind2=" " ind1="8">
<subfield code="a">10.1016/j.trac.2023.117349</subfield>
</datafield>
<datafield tag="024" ind2=" " ind1="8">
<subfield code="a">1879-3142</subfield>
</datafield>
<datafield ind1=" " ind2=" " tag="653">
<subfield code="a">Electrochemical sensors</subfield>
</datafield>
<datafield ind1=" " ind2=" " tag="653">
<subfield code="a">Enzymatic-modified electrodes</subfield>
</datafield>
<datafield ind1=" " ind2=" " tag="653">
<subfield code="a">Nanomaterials-modified electrodes</subfield>
</datafield>
<datafield ind1=" " ind2=" " tag="653">
<subfield code="a">Wine</subfield>
</datafield>
<datafield ind1=" " ind2=" " tag="653">
<subfield code="a">Diagnosis</subfield>
</datafield>
<datafield ind1=" " ind2=" " tag="653">
<subfield code="a">Point-of-care</subfield>
</datafield>
<datafield tag="245" ind1="0" ind2="0">
<subfield code="a">Current state of electrochemical sensors in wine analysis for early diagnosis</subfield>
</datafield>
</record></metadata></record></GetRecord></OAI-PMH>